000 00189 a2200097 4500
020 _a9789962629566
041 _aeng
100 _aAlvarado, Pat
245 _aThe Ship that opened
942 _cBK
999 _c9013
_d9013